MDQL
is popping MORE tags! Check the
thread
!
Quizzes
Events
Quiz Creation
Community
Videos
Private Events
Remove Ads
Sign In
Join for FREE
Feedback
Dark Mode
Quiz Categories
Sports
Geography
Music
Movies
Television
Just For Fun
Miscellaneous
History
Literature
Language
Science
Gaming
Entertainment
Religion
Holiday
For Kids
Quiz Lab
Recent
Popular Today
Quiz Kudos Today
Editor Picks
Curator Picks
Quizzes by...
Day
Popularity
Type
Ratings
Length
Year
Community
Subscriptions
Recent Discussions
Orange Saloon
Badges
Playlists
Quests
Create
Leaderboards
Showdown
Live 5
Trivia Bingo
Activity
Puzzle Library
Sporcle Events
Private Events
Virtual Trivia
Globe League
Become a Host
Pub Owners
SporcleCon
Opinionation
Our Games
Videos
Blog
Mobile Apps
Partnerships
Remove Ads and Go Orange
Feedback
Sports
Athletes
MLB
NBA
NHL
NFL
Soccer
Sports Teams
WWE
NCAA
Football
Premier League
Basketball
Baseball
Hockey
Golf
Tennis
Cricket
Rugby
Auto Racing
Olympics
World Cup
Sports
Athletes
MLB
NBA
NHL
NFL
Soccer
Sports Teams
WWE
NCAA
Football
Premier League
Basketball
Baseball
Hockey
Golf
Tennis
Cricket
Rugby
Auto Racing
Olympics
World Cup
Random Quiz
Search Sporcle
×
Quiz Lab
Quiz Lab
Sports
Premier League
Type in answers that appear in a list
Type in answers that appear in a list
Classic
Best Score? Go Orange.
Premier League hat trick scorers Stats
Can you name the current Premier League players that have scored a hat trick in the Premier League?
By
dvdwllms
15m
28 Questions
99 Plays
99 Plays
99 Plays
Comments
Comments
Give Quiz Kudos
Give Quiz Kudos
-
- Ratings
hide this ad
Replay
Link that replays current quiz
Next Quiz
Link to next quiz in quiz playlist
You Got
0%
They Got
Avg Score
63%
Avg Friend Score
Upgrade to see
Score Distribution
Jump to the score distribution portion of the page
Score
0/28
Timer
15:00
0
Plays Today
Club and Year
Answer
% Correct
Manchester United (2011)
Wayne Rooney
89.9%
Manchester City (2011)
Sergio Aguero
87.9%
Chelsea (2011)
Frank Lampard
86.9%
Manchester United (2013)
Robin VanPersie
84.8%
Chelsea (2014)
Eden Hazard
83.8%
Liverpool (2012)
Steven Gerrard
83.8%
Chelsea (2010)
Didier Drogba
82.8%
Chelsea (2014)
Diego Costa
80.8%
Manchester City (2014)
Yaya Toure
75.8%
Manchester City (2011)
Eden Dzeko
73.7%
Liverpool (2013)
Daniel Sturridge
71.7%
Sunderland (2010)
Darren Bent
69.7%
Arsenal (2012)
Theo Walcott
63.6%
Newcastle United (2010)
Andy Carroll
62.6%
Club and Year
Answer
% Correct
Aston Villa (2008)
Gabriel Agbonlahor
62.6%
Aston Villa (2013)
Christian Benteke
59.6%
Sunderland (2014)
Adam Johnson
56.6%
West Bromwich Albion (2013)
Romelu Lukaku
56.6%
Fulham (2011)
Andrew Johnson
56.6%
Liverpool (2007)
Peter Crouch
54.5%
Arsenal (2008)
Emmanuel Adebayor
52.5%
Chelsea (2014)
Samuel Eto'o
46.5%
West Ham United (2013)
Kevin Nolan
46.5%
Manchester City (2010)
Mario Balotelli
46.5%
Chelsea (2014)
Andre Schurrle
45.5%
West Bromwich Albion (2012)
Peter Odemwingie
37.4%
Arsenal (2012)
Santi Cazorla
36.4%
Wigan (2012)
Jordi Gomez
24.2%
Quiz Playlist
Details
Report
Send in Message
Add To Playlist
Classic:
Type in answers that appear in a list
Last Updated: Feb 16, 2017
Quiz Scoreboard
CHALLENGE
Sign Up to Join the Scoreboard
Show All
Scores
Hide
Comments
May contain spoilers
Recently Published
Street Fighter Characters
by Artimus82
Gaming
60s
9x9 Crossword: Cartoon Network
by jackfrog10
Miscellaneous
3m
College Basketball Coaching Resumes
by pancakes188
Sports
9m
More to Explore
Quiz From the Vault
Featured Blog Post
Where Did the Easter Bunny Come From?
hide this ad
You Might Also Like...
Tags
Premier League Quiz
hat
League
Player
Premier
Scorer
trick
Today's Top Quizzes in Sports
Browse Sports
hide this ad
Today's Top Quizzes in Premier League
Browse Premier League
Top Contributed Quizzes in Sports
1
2022 World Cup Stars
2
Les meilleurs buteurs des matchs entre le PSG et l’OM
3
FIFA Club World Cup Champions
4
Les entraîneurs de l'OM et du PSG au 21e siècle
5
Criteria MLB: Left Handed Sluggers
6
2023 MLB Unique Player Accomplishments
7
AFC Teams Reveal (Wrong Answers Minefield)
8
Players with Multiple 50 Home Run Seasons
9
5-to-1: FBS Animal Nicknames
10
5-to-1: UK Sports Teams
Explore More
Trending Topics
Harry Potter
Disney
Kpop
Anime
NBA
Crossword
Marvel
Song
Pokémon
Soccer
NFL
WWE
Puzzle
The Office
Country
hide this ad
More By:
dvdwllms
Quiz
Plays
Rating
Category
Featured
Created
The history of the Premier League
108
3.25
Sports
Oct 13, 2014
Premier League hat trick scorers
99
5.00
Sports
Oct 12, 2014
Go to Creator's Profile
Score Distribution
Quiz Creator Spotlight
dvdwllms
Follow
Send a Message
Quizzes Created
-
Created Quiz Play Count
-
More By This Creator
Popular Quizzes Today
1
Find the US States - No Outlines Minefield
2
Find the Countries of Europe - No Outlines Minefield
3
The Countries of the World
4
Find the US States
5
Risky Map Clicking: Biggest States A-Z
6
US States
7
Popular People in 1961
8
Movies - When Are They Set?
More Sports Quizzes
Los Angeles Angels top 20 single season leaders
Quiz Lab
Trending Quizzes
Risky Map Clicking: Least Populous States A-Z
1-10 Letter G Words
Risky Map Clicking: Next State Alphabetically
Adjectives in 80s TV Shows
The Seven Year Switch: Catherine
Recently Updated
Leaping Animals
pecheneg
Reality TV Shows (A-Z)
bhenderson79
Rickey Henderson's Hall of Fame Teammates
pecheneg
Champions League XIs: Arsenal
pecheneg
Quick Pick: Celebrities in WWE's Hall of Fame
aduchscher
A-Z Keypad Blitz II
pecheneg
Multiple Oscar Actors
pecheneg
Mystery Phrase Blitz: Oscar 'Best Actors'
pecheneg
F. Scott Fitzgerald Novels
LTH
Pick 3 Villains
ddd62291
Trending Topics
Marvel
Disney
Anime
Crossword
NBA
Harry Potter
Kpop
NFL
Puzzle
Pokémon
Country
Soccer
Song
The Office
WWE
Your Account Isn't Verified!
In order to create a playlist on Sporcle, you need to verify the email address you used during registration. Go to your
Sporcle Settings
to finish the process.
Report this User
Report this user for behavior that violates our
Community Guidelines
.
Details:
Send Report
Go to the Sporcle.com Mobile Site →
Comments